| 000 | 01073cam a2200277 4500 | ||
|---|---|---|---|
| 082 |
_a620.136 _bTRO |
||
| 100 | 1 |
_aTroxell, George Earl, _93509 |
|
| 245 | 1 | 0 |
_aComposition and properties of concrete _c[by] George Earl Troxell [and] Harmer E. Davis. With chapters on proportioning of concrete mixtures and strength of concrete by J.W. Kelly. |
| 260 |
_aNew York, _bMcGraw-Hill, _c1956. |
||
| 300 |
_a434 p. _billus. _c24 cm. |
||
| 490 | 1 | _aMcGraw-Hill civil engineering series | |
| 526 |
_a0 _b0 _c0 _d620_136000000000000_TRO |
||
| 526 |
_a0 _b0 _c0 _d620_136000000000000_TRO |
||
| 526 |
_a0 _b0 _c0 _d620_136000000000000_TRO |
||
| 526 |
_a0 _b0 _c0 _d620_136000000000000_TRO |
||
| 526 |
_a0 _b0 _c0 _d620_136000000000000_TRO |
||
| 526 |
_a0 _b0 _c0 _d620_136000000000000_TRO |
||
| 526 |
_a0 _b0 _c0 _d620_136000000000000_TRO |
||
| 526 |
_a0 _b0 _c0 _d620_136000000000000_TRO |
||
| 526 |
_a0 _b0 _c0 _d620_136000000000000_TRO |
||
| 526 |
_a0 _b0 _c0 _d620_136000000000000_TRO |
||
| 650 | 0 | _aConcrete. | |
| 650 | 0 |
_aMCE _9379 |
|
| 700 | 1 |
_aDavis, Harmer Elmer, _93510 |
|
| 942 |
_2ddc _cBK |
||
| 999 |
_c545231 _d545231 |
||